[Event "LSS No Engine Cup 109 Preliminary 3"]
[Site "LSS email"]
[Date "2014.04.26"]
[Round "?"]
[White "Kolanek, Roman"]
[Black "Kerekgyarto, Ference"]
[Result "1-0"]
[WhiteElo "1916"]
[BlackElo "1333"]
[PlyCount "65"]
[EventDate "2014.04.27"]
[EventType "tourn (corr)"]
[EventRounds "6"]
[EventCountry "GER"]
[SourceTitle "Corr 2015"]
[Source "ChessBase"]
[SourceDate "2015.07.17"]
[SourceVersion "1"]
[SourceVersionDate "2015.07.17"]
[SourceQuality "1"]

1. d4 d5 2. c4 dxc4 3. Nf3 Be6 4. e4 c6 5. Ng5 Nf6 6. Nxe6 fxe6 7. Bxc4 e5 8. Qb3 Qb6 9. Bf7+ Kd8 10. dxe5 Qxb3 11. axb3 Nxe4 12. Ra4 Nc5 13. Rd4+ Kc7 14. b4 Ncd7 15. 0-0 c5 16. Rc4 Nxe5 17. Rxc5+ Nec6 18. b5 e6 19. Rc4 Kd7 20. bxc6+ Nxc6 21. Re1 Nd8 22. Rd1+ Ke7 23. Rc7+ Kf6 24. Bh5 g6 25. Bf3 h5 26. Nd2 Be7 27. Ne4+ Kf7 28. Rdd7 Nc6 29. Bg5 Rhd8 30. Rxe7+ Nxe7 31. Rxe7+ Kf8 32. Rh7 Re8 33. Bh6+ 1-0

[Event "BI-2014-P-0008"]
[Site "LSS email"]
[Date "2014.04.19"]
[Round "?"]
[White "Kerekgyarto, Ference"]
[Black "Kopasov, Evgeny Aleksandrovi"]
[Result "0-1"]
[WhiteElo "1333"]
[BlackElo "2101"]
[PlyCount "54"]
[EventDate "2014.04.25"]
[EventType "tourn (corr)"]
[EventRounds "10"]
[EventCountry "GER"]
[SourceTitle "Corr 2015"]
[Source "ChessBase"]
[SourceDate "2015.07.17"]
[SourceVersion "1"]
[SourceVersionDate "2015.07.17"]
[SourceQuality "1"]

1. e4 c5 2. d4 cxd4 3. Qxd4 Nc6 4. Qa4 g6 5. Nf3 Bg7 6. Nc3 d6 7. Bb5 Bd7 8. Qb3 Nf6 9. Bd3 Rb8 10. 0-0 0-0 11. Nb5 Bg4 12. Be2 a6 13. Nc3 Be6 14. Nd5 Nxe4 15. Rd1 Nc5 16. Qa3 b5 17. Nb4 Nxb4 18. Qxb4 Bc4 19. Bxc4 bxc4 20. Qxc4 Bxb2 21. Bxb2 Rxb2 22. Rab1 Qb6 23. Rxb2 Qxb2 24. Ng5 h6 25. Nf3 Rb8 26. a4 Rb4 27. Qxa6 Nxa6 0-1

[Event "BI-2014-P-0008"]
[Site "LSS email"]
[Date "2014.04.19"]
[Round "?"]
[White "Laczay, Istvan"]
[Black "Kerekgyarto, Ference"]
[Result "1-0"]
[WhiteElo "1644"]
[BlackElo "1333"]
[PlyCount "71"]
[EventDate "2014.04.25"]
[EventType "tourn (corr)"]
[EventRounds "10"]
[EventCountry "GER"]
[SourceTitle "Corr 2015"]
[Source "ChessBase"]
[SourceDate "2015.07.17"]
[SourceVersion "1"]
[SourceVersionDate "2015.07.17"]
[SourceQuality "1"]

1. d4 d5 2. Nf3 Nf6 3. c4 dxc4 4. e3 Be6 5. Nc3 h6 6. Be2 Nbd7 7. d5 Bg4 8. Bxc4 e5 9. dxe6 Bxe6 10. Bxe6 fxe6 11. 0-0 Bb4 12. Qb3 Qe7 13. Nd4 Bxc3 14. bxc3 Nc5 15. Qc4 0-0 16. Ba3 Nfd7 17. f4 Rf7 18. Rad1 Re8 19. Nb3 b6 20. Rf2 e5 21. f5 e4 22. Nxc5 Nxc5 23. Rf4 c6 24. Rd4 Qb7 25. Bxc5 bxc5 26. Rdxe4 Qb1+ 27. Kf2 Rd8 28. Kg3 Qd1 29. Qxc5 Qh5 30. Re5 Rd2 31. Qxc6 Rxa2 32. Rh4 Qg5+ 33. Rg4 Qh5 34. Re8+ Rf8 35. Qe6+ Qf7 36. Re7 1-0

[Event "ZI-2014-0-01759"]
[Site "LSS email"]
[Date "2014.02.15"]
[Round "?"]
[White "Poblete, Litos"]
[Black "Kerekgyarto, Ference"]
[Result "0-1"]
[WhiteElo "1557"]
[BlackElo "1404"]
[PlyCount "114"]
[EventDate "2014.01.25"]
[EventType "match (corr)"]
[EventRounds "2"]
[EventCountry "GER"]
[SourceTitle "Telechess CBM 167"]
[Source "ChessBase"]
[SourceDate "2015.07.13"]
[SourceVersion "1"]
[SourceVersionDate "2015.07.13"]
[SourceQuality "1"]

1. e4 e5 2. Nf3 Nc6 3. Bb5 Nf6 4. d3 a6 5. Bxc6 dxc6 6. Nxe5 Bd6 7. Nf3 Qe7 8. 0-0 0-0 9. Bg5 h6 10. Bh4 Bg4 11. Nbd2 Qe6 12. Re1 Nd7 13. d4 Rfe8 14. e5 Bf8 15. c4 Bb4 16. Qc2 Bxf3 17. Nxf3 Bxe1 18. Rxe1 Nf8 19. Bg3 Rad8 20. h3 Qg6 21. Qb3 b6 22. d5 cxd5 23. cxd5 Nh7 24. d6 cxd6 25. Qxb6 dxe5 26. Qxg6 fxg6 27. Bxe5 Rd5 28. Bc3 Rxe1+ 29. Nxe1 Nf6 30. f3 Rd1 31. Kf2 Nd5 32. Be5 Rd2+ 33. Kf1 Ne3+ 34. Kg1 Re2 35. Nd3 Rxg2+ 36. Kh1 Re2 37. f4 Nc4 38. Bc3 Re3 39. Nf2 Rf3 40. Kg2 Rxf4 41. Nd3 Rf5 42. Nb4 Ne3+ 43. Kg3 Ra5 44. a3 Nd5 45. Nxd5 Rxd5 46. h4 Kf7 47. a4 a5 48. Be1 Rf5 49. Bd2 h5 50. Kg2 Re5 51. Kf3 Rd5 52. Bc3 Rc5 53. Kg3 Rc4 54. Bxa5 Rxa4 55. b4 Ra3+ 56. Kg2 Rb3 57. Kh2 Ke6 0-1

[Event "OP-2010-0-01229"]
[Site "LSS email"]
[Date "2010.08.10"]
[Round "?"]
[White "Goepfert, Christian"]
[Black "Kerekgyarto, Ference"]
[Result "1-0"]
[WhiteElo "434"]
[BlackElo "1413"]
[PlyCount "29"]
[EventDate "2010.08.05"]
[EventType "tourn (corr)"]
[EventRounds "4"]
[EventCountry "GER"]
[SourceTitle "Corr 2015"]
[Source "ChessBase"]
[SourceDate "2015.07.17"]
[SourceVersion "1"]
[SourceVersionDate "2015.07.17"]
[SourceQuality "1"]

1. e4 e5 2. Nf3 d6 3. d4 exd4 4. Nxd4 Be7 5. Nc3 c6 6. Bc4 f6 7. 0-0 Nh6 8. Bxh6 gxh6 9. f4 c5 10. Ne6 Bxe6 11. Bxe6 Nc6 12. Nd5 Nd4 13. f5 b6 14. c3 Nc6 15. Qh5+ 1-0

[Event "LSS SD-2009-0-00043"]
[Site "LSS email"]
[Date "2009.12.04"]
[Round "?"]
[White "Van Dosselaer, Mattias"]
[Black "Kerekgyarto, Ference"]
[Result "1-0"]
[WhiteElo "1126"]
[BlackElo "1413"]
[PlyCount "35"]
[EventDate "2009.10.20"]
[EventType "tourn (corr)"]
[EventRounds "6"]
[EventCountry "GER"]
[SourceTitle "Corr 2013"]
[Source "ChessBase"]
[SourceDate "2012.11.12"]
[SourceVersion "1"]
[SourceVersionDate "2012.11.12"]
[SourceQuality "1"]
[WhiteTeam "US of America"]
[BlackTeam "US of America"]
[WhiteTeamCountry "USA"]
[BlackTeamCountry "USA"]

1. e4 e5 2. Bc4 Nc6 3. Nf3 Nf6 4. Ng5 d5 5. exd5 Na5 6. Bb5+ Bd7 7. Qe2 Bd6 8. Nc3 0-0 9. Bxd7 Qxd7 10. a3 Be7 11. 0-0 Rfe8 12. Qd3 Qg4 13. Nge4 Nxe4 14. Nxe4 Rad8 15. b4 Nc6 16. Bb2 Nd4 17. Rae1 Rxd5 18. c3 1-0

[Event "LSS SD-2009-0-00042"]
[Site "LSS email"]
[Date "2009.11.26"]
[Round "?"]
[White "Kerekgyarto, Ference"]
[Black "De Paus, Pieter"]
[Result "0-1"]
[WhiteElo "1494"]
[BlackElo "1433"]
[PlyCount "108"]
[EventDate "2009.10.07"]
[EventType "tourn (corr)"]
[EventRounds "6"]
[EventCountry "GER"]
[SourceTitle "Telechess CBM 141"]
[Source "ChessBase"]
[SourceDate "2011.03.17"]
[SourceVersion "1"]
[SourceVersionDate "2011.03.17"]
[SourceQuality "1"]

1. e4 c5 2. Nc3 Nc6 3. Nf3 d6 4. d4 cxd4 5. Nxd4 Nf6 6. Bb5 Bd7 7. 0-0 g6 8. Bd3 Nxd4 9. Be3 Nc6 10. Qd2 Bg7 11. f3 0-0 12. Be2 Qa5 13. a3 Rac8 14. b4 Qd8 15. Rad1 Ne5 16. Bd4 Nc4 17. Qc1 a6 18. f4 Ne8 19. Bxg7 Nxg7 20. Kh1 Nb6 21. Rf3 Qc7 22. f5 Ne8 23. Qh6 Nf6 24. Rdf1 Kh8 25. Rd3 Rg8 26. fxg6 Rxg6 27. Qh4 Rcg8 28. Rf2 Be6 29. Bf3 Ng4 30. Bxg4 Rxg4 31. Qh6 R4g6 32. Qh4 f6 33. Qf4 Nd7 34. Nd5 Bxd5 35. exd5 Rg4 36. Qc1 Qc4 37. h3 Rd4 38. Qe3 Rxd3 39. cxd3 Qh4 40. Re2 Ne5 41. d4 Rg3 42. Qf2 Rxh3+ 43. gxh3 Qxh3+ 44. Qh2 Qf1+ 45. Qg1 Qxe2 46. dxe5 Qh5+ 47. Kg2 Qg4+ 48. Kh1 Qxg1+ 49. Kxg1 dxe5 50. Kf2 h5 51. Kg3 f5 52. a4 Kg7 53. a5 Kg6 54. Kh4 f4 0-1

[Event "LSS SD-2009-0-00041"]
[Site "LSS email"]
[Date "2009.11.18"]
[Round "?"]
[White "Michos, Dionyssios"]
[Black "Kerekgyarto, Ference"]
[Result "1/2-1/2"]
[WhiteElo "1571"]
[BlackElo "1496"]
[PlyCount "117"]
[EventDate "2009.09.25"]
[EventType "tourn (corr)"]
[EventRounds "6"]
[EventCountry "GER"]
[SourceTitle "Telechess CBM 141"]
[Source "ChessBase"]
[SourceDate "2011.03.17"]
[SourceVersion "1"]
[SourceVersionDate "2011.03.17"]
[SourceQuality "1"]

1. e4 e5 2. Nf3 d6 3. d4 exd4 4. Nxd4 c5 5. Nf3 Nc6 6. Bb5 a6 7. Bxc6+ bxc6 8. Nc3 Be6 9. Rf1 Be7 10. Be3 Nf6 11. Qd3 d5 12. 0-0-0 d4 13. Bxd4 cxd4 14. Nxd4 Qb6 15. Nxe6 fxe6 16. Qh3 Rb8 17. b3 Qa5 18. f4 Kf7 19. e5 Nd5 20. Nxd5 cxd5 21. Kb1 Rhc8 22. Qxh7 Rh8 23. Qd3 g6 24. f5 gxf5 25. g4 f4 26. Rxf4+ Kg7 27. g5 Qb5 28. Qf3 Rbf8 29. Rxf8 Rxf8 30. Qh3 Bxg5 31. Qg4 Kh6 32. Qxe6+ Kh7 33. Qg4 Bh6 34. a4 Qc6 35. Rg1 Qe8 36. Qe2 Qe6 37. Qd3+ Qf5 38. Qxa6 Bg7 39. e6 Qe5 40. Qd3+ Kg8 41. c3 Rb8 42. e7 Rxb3+ 43. Ka2 Rb6 44. Qf3 Qxe7 45. Qxd5+ Kh8 46. Rg2 Qe8 47. Qc4 Rc6 48. Qh4+ Kg8 49. Qd4 Rc7 50. Rg3 Qe6+ 51. Ka3 Rd7 52. Qe3 Qd6+ 53. Ka2 Rf7 54. Qe2 Kf8 55. Qg2 Qe6+ 56. Ka3 Qd6+ 57. Ka2 Qe6+ 58. Ka3 Qd6+ 59. Ka2 1/2-1/2

[Event "LSS SD-2009-0-00041"]
[Site "LSS email"]
[Date "2009.11.18"]
[Round "?"]
[White "Sadler, Kirk"]
[Black "Kerekgyarto, Ference"]
[Result "1-0"]
[WhiteElo "1535"]
[BlackElo "1413"]
[PlyCount "95"]
[EventDate "2009.09.25"]
[EventType "tourn (corr)"]
[EventRounds "6"]
[EventCountry "GER"]
[SourceTitle "Telechess CBM 147"]
[Source "ChessBase"]
[SourceDate "2012.03.16"]
[SourceVersion "1"]
[SourceVersionDate "2012.03.16"]
[SourceQuality "1"]

1. e4 e5 2. Nf3 d6 3. d4 exd4 4. Nxd4 c5 5. Nf3 Nc6 6. Bc4 Nf6 7. 0-0 Be6 8. Bd5 Be7 9. c4 Qb6 10. Nc3 Bd7 11. Re1 0-0 12. b3 Nb4 13. Bb2 Rae8 14. Re3 Bg4 15. Qd2 Nbxd5 16. exd5 Bd8 17. Rae1 Qa6 18. Qd3 Qa5 19. Ng5 Rxe3 20. Qxe3 Bd7 21. Nge4 Ne8 22. a3 f5 23. Qh3 Qb6 24. Nd2 Bg5 25. Ncb1 Nf6 26. Qg3 h6 27. Qd3 Nh5 28. Nf3 Nf4 29. Qc2 Bd8 30. Nbd2 Qa5 31. Bc3 Qa6 32. a4 Qb6 33. Nf1 Nh5 34. h3 a5 35. N3d2 Bf6 36. Bxf6 Nxf6 37. Ng3 Qb4 38. Re2 Re8 39. Rxe8+ Nxe8 40. Nf3 Nf6 41. Kh2 g6 42. Qd3 Kf7 43. Nd2 g5 44. Ngf1 Qa3 45. Qc3 Qb4 46. Qg3 f4 47. Qd3 Qa3 48. Qc3 1-0

[Event "LSS No Engine Cup 09 Preliminary 1"]
[Site "LSS email"]
[Date "2009.10.31"]
[Round "?"]
[White "Kerekgyarto, Ference"]
[Black "Raines, David T"]
[Result "1/2-1/2"]
[WhiteElo "1586"]
[BlackElo "1135"]
[PlyCount "63"]
[EventDate "2009.11.01"]
[EventType "tourn (corr)"]
[EventRounds "6"]
[EventCountry "GER"]
[SourceTitle "Corr 2013"]
[Source "ChessBase"]
[SourceDate "2012.11.12"]
[SourceVersion "1"]
[SourceVersionDate "2012.11.12"]
[SourceQuality "1"]

1. e4 c6 2. Nf3 d6 3. d4 Nf6 4. Nc3 Bg4 5. h3 Bh5 6. Bd3 Nbd7 7. g4 Bg6 8. g5 Ng8 9. Nh4 e5 10. Nxg6 hxg6 11. d5 c5 12. Be3 a6 13. Qg4 Qe7 14. 0-0-0 0-0-0 15. Kb1 Kb8 16. Qg3 Rc8 17. Be2 Qe8 18. Bg4 Ne7 19. f4 f6 20. fxe5 fxe5 21. Rhf1 Rd8 22. b3 Nc8 23. Be6 Ndb6 24. h4 Ka7 25. a4 Na8 26. Bf7 Qe7 27. Bxg6 Qc7 28. Bf5 Qa5 29. Bd2 Qc7 30. Be6 Ne7 31. g6 Nb6 32. Rf7 1/2-1/2

[Event "LSS No Engine Cup 09 Preliminary 1"]
[Site "LSS email"]
[Date "2009.10.31"]
[Round "?"]
[White "Michas, John"]
[Black "Kerekgyarto, Ference"]
[Result "0-1"]
[WhiteElo "1524"]
[BlackElo "1585"]
[PlyCount "40"]
[EventDate "2009.11.01"]
[EventType "tourn (corr)"]
[EventRounds "6"]
[EventCountry "GER"]
[SourceTitle "Corr 2013"]
[Source "ChessBase"]
[SourceDate "2012.11.12"]
[SourceVersion "1"]
[SourceVersionDate "2012.11.12"]
[SourceQuality "1"]

1. h4 e5 2. h5 d5 3. h6 Nxh6 4. d4 exd4 5. Bxh6 gxh6 6. Qxd4 Rg8 7. Nc3 Be6 8. Qa4+ c6 9. 0-0-0 b5 10. Qh4 Qxh4 11. Rxh4 b4 12. Nb1 Be7 13. Rh1 Nd7 14. e3 Nf6 15. Rxh6 Ng4 16. Rxh7 Bf5 17. Rh1 Nxf2 18. Rd4 Nxh1 19. Nf3 Ng3 20. Rd1 Nxf1 0-1

[Event "LSS No Engine Cup 05 Preliminary 4"]
[Site "LSS email"]
[Date "2009.08.26"]
[Round "?"]
[White "Kerekgyarto, Ference"]
[Black "Kudryavtsev, Yaroslav Viktorovic"]
[Result "1/2-1/2"]
[WhiteElo "1596"]
[BlackElo "1961"]
[PlyCount "87"]
[EventDate "2009.08.27"]
[EventType "tourn (corr)"]
[EventRounds "6"]
[EventCountry "GER"]
[SourceTitle "Corr 2013"]
[Source "ChessBase"]
[SourceDate "2012.11.12"]
[SourceVersion "1"]
[SourceVersionDate "2012.11.12"]
[SourceQuality "1"]

1. e4 c5 2. Nf3 d6 3. d4 cxd4 4. Nxd4 Nf6 5. Nc3 a6 6. Bd3 g6 7. 0-0 Bg7 8. Bg5 0-0 9. Qd2 Nc6 10. Nxc6 bxc6 11. Bc4 Qa5 12. a3 Rb8 13. b4 Qc7 14. Rab1 a5 15. h3 axb4 16. axb4 Rd8 17. Rfd1 Bb7 18. Qf4 Rbc8 19. Bf1 Nh5 20. Qe3 Rd7 21. Na4 d5 22. Nc5 d4 23. Qf3 Rdd8 24. Bc4 Rf8 25. c3 h6 26. Bc1 e5 27. cxd4 exd4 28. g4 Nf6 29. Bxh6 Bxh6 30. Qxf6 Bg7 31. Qxg6 Ra8 32. Rxd4 Ba6 33. Rd7 Qf4 34. Nxa6 Rxa6 35. Rbd1 Raa8 36. Kg2 Rae8 37. R1d6 Qxe4+ 38. Qxe4 Rxe4 39. Rxc6 Rd4 40. Rb7 Rf4 41. g5 Bd4 42. f3 Kg7 43. Rd7 Be5 44. Rcc7 1/2-1/2

[Event "LSS OP-2009-0-00861"]
[Site "LSS email"]
[Date "2009.05.29"]
[Round "?"]
[White "Checa, Nicholas de T"]
[Black "Kerekgyarto, Ference"]
[Result "0-1"]
[WhiteElo "569"]
[BlackElo "1519"]
[PlyCount "54"]
[EventDate "2009.05.25"]
[EventType "tourn (corr)"]
[EventRounds "4"]
[EventCountry "GER"]
[SourceTitle "Corr 2011"]
[Source "ChessBase"]
[SourceDate "2010.08.31"]
[SourceVersion "1"]
[SourceVersionDate "2010.08.31"]
[SourceQuality "1"]

1. e4 e5 2. Nf3 d6 3. Bb5+ c6 4. Ba4 f5 5. d3 Nf6 6. 0-0 fxe4 7. Ng5 Bg4 8. f3 exf3 9. Nxf3 Be7 10. Nc3 Nbd7 11. h3 Bh5 12. g4 Bf7 13. Ne4 Nxe4 14. dxe4 Qb6+ 15. Kh2 Bc4 16. Rg1 Qa6 17. Bb3 Be2 18. Qe1 Bxf3 19. Qg3 Qe2+ 20. Rg2 Bxg2 21. Qxg2 Qxg2+ 22. Kxg2 Nc5 23. Bc4 Nxe4 24. Be3 d5 25. Be2 Bc5 26. Bg1 0-0 27. Bh2 Rf2+ 0-1

[Event "LSS OP-2009-0-00861"]
[Site "LSS email"]
[Date "2009.05.29"]
[Round "?"]
[White "Molina, Vicente Andres"]
[Black "Kerekgyarto, Ference"]
[Result "0-1"]
[WhiteElo "713"]
[BlackElo "1549"]
[PlyCount "48"]
[EventDate "2009.05.25"]
[EventType "tourn (corr)"]
[EventRounds "4"]
[EventCountry "GER"]
[SourceTitle "Corr 2011"]
[Source "ChessBase"]
[SourceDate "2010.08.31"]
[SourceVersion "1"]
[SourceVersionDate "2010.08.31"]
[SourceQuality "1"]

1. c4 e5 2. Nc3 d6 3. Nf3 Nf6 4. e4 c5 5. d3 Be7 6. h3 0-0 7. g3 Nc6 8. Bg2 Be6 9. Nd5 b5 10. b3 bxc4 11. dxc4 Nxe4 12. 0-0 f5 13. Bb2 Nd4 14. Nxe7+ Qxe7 15. Re1 Rab8 16. Nxd4 cxd4 17. Bxe4 fxe4 18. Rxe4 Qf6 19. f4 Bxh3 20. Qe2 Qg6 21. Kh2 Bg4 22. Qe1 Bf3 23. fxe5 Bxe4 24. exd6 Qh5+ 0-1

[Event "LSS RD-2009-0-00021"]
[Site "LSS email"]
[Date "2009.05.03"]
[Round "?"]
[White "Kerekgyarto, Ference"]
[Black "Laureles, Raymundo"]
[Result "0-1"]
[WhiteElo "1549"]
[BlackElo "1624"]
[PlyCount "134"]
[EventDate "2009.02.28"]
[EventType "tourn (corr)"]
[EventRounds "6"]
[EventCountry "GER"]
[SourceTitle "Corr 2011"]
[Source "ChessBase"]
[SourceDate "2010.08.31"]
[SourceVersion "1"]
[SourceVersionDate "2010.08.31"]
[SourceQuality "1"]

1. e4 e6 2. d4 d5 3. Nc3 Bb4 4. exd5 exd5 5. Nf3 Nf6 6. Be2 Ne4 7. 0-0 Nxc3 8. bxc3 Bxc3 9. Rb1 0-0 10. Bd3 h6 11. Rb3 Ba5 12. Ba3 Re8 13. c4 Nc6 14. cxd5 Qxd5 15. Rb5 Qd8 16. Qc2 Bb6 17. d5 Ne5 18. Bh7+ Kh8 19. Be4 Ng4 20. Bb2 Bd7 21. Rb4 a5 22. Rxb6 cxb6 23. d6 Rc8 24. Qb1 Rc5 25. Bd4 Rb5 26. Qc2 Re6 27. Rd1 Nf6 28. Bd3 Rd5 29. Bc4 Qc8 30. Qb3 Rdxd6 31. Bxe6 Bxe6 32. Qb2 Kg8 33. Re1 Bd5 34. Be5 Re6 35. Nd4 Re8 36. Rc1 Qg4 37. f3 Qg5 38. f4 Qg6 39. Nb5 Ng4 40. Nc7 Rd8 41. Nxd5 Rxd5 42. Rc8+ Kh7 43. Rc1 Qe4 44. Qb1 Qxb1 45. Rxb1 b5 46. Bc7 a4 47. Ba5 Kg6 48. g3 Ne3 49. Kf2 Nf5 50. Bb4 Rd4 51. Ke2 Rc4 52. g4 Nd4+ 53. Kd3 Nf3 54. h3 Rxf4 55. Ke3 Rf6 56. Be7 Re6+ 57. Kxf3 Rxe7 58. Rxb5 Rc7 59. h4 Rc3+ 60. Ke4 a3 61. Rb6+ f6 62. Rxb7 Rc2 63. h5+ Kh7 64. Ra7 Rxa2 65. Kf5 Ra1 66. Ra6 a2 67. Ra7 Rf1+ 0-1

[Event "LSS BI-2009-P-00009"]
[Site "LSS email"]
[Date "2009.04.19"]
[Round "?"]
[White "Kerekgyarto, Ference"]
[Black "Gomez Galan Arense, Joaquin"]
[Result "1-0"]
[WhiteElo "1519"]
[BlackElo "1748"]
[PlyCount "63"]
[EventDate "2009.04.20"]
[EventType "tourn (corr)"]
[EventRounds "10"]
[EventCountry "GER"]
[SourceTitle "Corr 2011"]
[Source "ChessBase"]
[SourceDate "2010.08.31"]
[SourceVersion "1"]
[SourceVersionDate "2010.08.31"]
[SourceQuality "1"]

1. e4 c5 2. Nc3 d6 3. Nf3 Nc6 4. d4 cxd4 5. Nxd4 Nf6 6. Bb5 Bd7 7. 0-0 e6 8. Nxc6 bxc6 9. Be2 Be7 10. Qd3 0-0 11. Qg3 Re8 12. Bh6 g6 13. Rad1 Rb8 14. e5 dxe5 15. Qxe5 Rb4 16. b3 Qb8 17. Qxb8 Rexb8 18. Bg5 Rd8 19. a3 Rbb8 20. Ne4 Kg7 21. Bf4 Ra8 22. Be5 c5 23. Nxf6 Bxf6 24. Bc7 Bd4 25. Ba5 Kf8 26. c3 Bf6 27. Rd2 Be8 28. Bxd8 Rxd8 29. Rxd8 Bxd8 30. Rd1 Bf6 31. Ba6 Bxc3 32. Rd8 1-0

[Event "LSS SE-2008-0-00013"]
[Site "LSS email"]
[Date "2009.01.03"]
[Round "?"]
[White "Bouguern, Abd El Halim"]
[Black "Kerekgyarto, Ference"]
[Result "0-1"]
[WhiteElo "1329"]
[BlackElo "1549"]
[PlyCount "75"]
[EventDate "2008.12.16"]
[EventType "tourn (corr)"]
[EventRounds "6"]
[EventCountry "GER"]
[SourceTitle "Corr 2011"]
[Source "ChessBase"]
[SourceDate "2010.08.31"]
[SourceVersion "1"]
[SourceVersionDate "2010.08.31"]
[SourceQuality "1"]

1. d4 d5 2. Nf3 e6 3. g3 c5 4. c3 Nf6 5. Bg2 cxd4 6. cxd4 Bd6 7. 0-0 Qb6 8. Nc3 Nc6 9. b3 0-0 10. Bb2 Bd7 11. e3 Rac8 12. Qe2 Ne7 13. Rfc1 Rfd8 14. Ne5 Be8 15. g4 Nd7 16. Nd3 Ng6 17. f4 Nh4 18. Bf1 Nf6 19. Qf2 Ng6 20. Be2 Qa5 21. Bf3 Bb5 22. Ne5 Bb4 23. Nxb5 Qxb5 24. a4 Qa5 25. f5 Nxe5 26. dxe5 Nd7 27. Bd4 Bc3 28. Rxc3 Rxc3 29. f6 Rxb3 30. Qh4 gxf6 31. exf6 Qb4 32. Qg5+ Kf8 33. Qg7+ Ke8 34. Qxh7 Rc8 35. g5 Nf8 36. Qg7 Rc2 37. Bh5 Rb1+ 38. Bd1 0-1

[Event "LSS OP-2008-0-00706"]
[Site "LSS email"]
[Date "2008.12.29"]
[Round "?"]
[White "Lanier, Jeff"]
[Black "Kerekgyarto, Ference"]
[Result "0-1"]
[WhiteElo "827"]
[BlackElo "1413"]
[PlyCount "72"]
[EventDate "2008.12.26"]
[EventType "tourn (corr)"]
[EventRounds "4"]
[EventCountry "GER"]
[SourceTitle "Corr 2015"]
[Source "ChessBase"]
[SourceDate "2015.07.17"]
[SourceVersion "1"]
[SourceVersionDate "2015.07.17"]
[SourceQuality "1"]

1. e4 e5 2. Nf3 d6 3. h3 f5 4. Nc3 fxe4 5. Nxe4 d5 6. Nc3 e4 7. Nd4 Nf6 8. d3 c5 9. Nde2 exd3 10. Qxd3 Nc6 11. Bg5 Nb4 12. Qd2 d4 13. Bxf6 gxf6 14. Ne4 Qe7 15. N4g3 Bd7 16. a3 Bh6 17. Qd1 Nc6 18. Qd3 Qe5 19. Qe4 f5 20. Qxe5+ Nxe5 21. Nh5 0-0-0 22. Nef4 Rhe8 23. 0-0-0 Ng6 24. g3 Bc6 25. Nf6 Nxf4 26. Nxe8 Bxh1 27. gxf4 Bxf4+ 28. Kb1 Rxe8 29. Bc4 Bc6 30. Bd3 Bd7 31. b3 Rg8 32. Re1 h6 33. Re7 Rg1+ 34. Kb2 Bd2 35. b4 Ba4 36. bxc5 Bc3+ 0-1

[Event "LSS OP-2008-0-00698"]
[Site "LSS email"]
[Date "2008.12.16"]
[Round "?"]
[White "Kerekgyarto, Ference"]
[Black "Carrizo, Sergio Gaston"]
[Result "1-0"]
[WhiteElo "1477"]
[BlackElo "999"]
[PlyCount "99"]
[EventDate "2008.12.14"]
[EventType "tourn (corr)"]
[EventRounds "4"]
[EventCountry "GER"]
[SourceTitle "Corr 2011"]
[Source "ChessBase"]
[SourceDate "2010.08.31"]
[SourceVersion "1"]
[SourceVersionDate "2010.08.31"]
[SourceQuality "1"]

1. e4 d5 2. exd5 Qxd5 3. Nc3 Qa5 4. Nf3 Bg4 5. h3 Bxf3 6. Qxf3 c6 7. d4 Nf6 8. Bd2 Nbd7 9. 0-0-0 e6 10. a3 Qc7 11. Kb1 0-0-0 12. g3 Nb6 13. Bf4 Bd6 14. Bh6 Bf8 15. Be2 Nbd7 16. Be3 Bd6 17. g4 Rhf8 18. g5 Nd5 19. Nxd5 cxd5 20. Qh5 g6 21. Qxh7 Nb6 22. Qg7 Kb8 23. Qf6 Rc8 24. c3 Na4 25. Bc1 Qb6 26. Ka1 Rc7 27. Rd3 Rfc8 28. Qf3 Qa5 29. Bf4 Bxf4 30. Qxf4 Ka8 31. Qd2 Nb6 32. Rf3 a6 33. Re1 Na4 34. Ka2 Rd7 35. Qf4 Rc6 36. h4 Rdc7 37. b4 Qb6 38. c4 Rxc4 39. Bxc4 Rxc4 40. Qd2 Qc6 41. Kb3 b5 42. Rfe3 Kb8 43. f4 Qc7 44. f5 gxf5 45. Rh3 Qb6 46. Rd3 Qd8 47. h5 Qh8 48. h6 Nb6 49. g6 fxg6 50. Rxe6 1-0

[Event "LSS OP-2008-0-00698"]
[Site "LSS email"]
[Date "2008.12.16"]
[Round "?"]
[White "Moman, Aaron"]
[Black "Kerekgyarto, Ference"]
[Result "1-0"]
[WhiteElo "1618"]
[BlackElo "1477"]
[PlyCount "105"]
[EventDate "2008.12.14"]
[EventType "tourn (corr)"]
[EventRounds "4"]
[EventCountry "GER"]
[SourceTitle "Corr 2011"]
[Source "ChessBase"]
[SourceDate "2010.08.31"]
[SourceVersion "1"]
[SourceVersionDate "2010.08.31"]
[SourceQuality "1"]

1. d4 d5 2. c4 dxc4 3. Nf3 Nf6 4. e3 Be6 5. Qa4+ c6 6. Qc2 Nbd7 7. Bxc4 Bxc4 8. Qxc4 e5 9. Qb3 exd4 10. exd4 Qe7+ 11. Be3 Qb4+ 12. Nc3 Qxb3 13. axb3 Bb4 14. 0-0-0 0-0 15. d5 Rac8 16. dxc6 Rxc6 17. Kc2 Rfc8 18. Rd3 Nc5 19. Rd4 a5 20. Ne5 R6c7 21. Rhd1 Re7 22. Rd8+ Re8 23. Rxe8+ Rxe8 24. Nc4 Ng4 25. Bd4 Ne6 26. Bb6 Nxh2 27. f3 Nf4 28. Rh1 Bxc3 29. Kxc3 Nd5+ 30. Kd3 Nxb6 31. Nxb6 Re6 32. Nc4 Rh6 33. Nxa5 b5 34. Rc1 Kf8 35. Ke2 g5 36. Kf2 g4 37. f4 f5 38. b4 Kg7 39. b3 Kh8 40. Kg3 Nf3 41. Rd1 Kg7 42. Nb7 Re6 43. gxf3 Re3 44. Kh4 gxf3 45. Nc5 h6 46. Kg3 h5 47. Kf2 Rc3 48. Rg1+ Kf6 49. Rd1 Kg7 50. Rd7+ Kg6 51. Rd6+ Kh7 52. Rf6 h4 53. Rxf5 1-0